000 00503nam a22001817a 4500
005 20251108172948.0
008 250721s1999 xx 000 0 ara d
082 1 4 _a362.7/وين
100 1 _aوين، ماري
245 1 0 _aالأطفال والإدمان التلفزيوني /
264 1 _aالكويت :
_bعالم المعرفة،
_c1999.
300 _a319ص
650 1 7 _aالتلفزيون
650 1 7 _aالأطفال
650 1 7 _aالإدمان
942 _2ddc
_cBK
999 _c92855
_d92855